[Event "Linares SuperGM"]
[Site "Linares"]
[Date "2002.02.24"]
[Round "2"]
[White "Anand, Viswanathan"]
[Black "Vallejo Pons, Francisco"]
[Result "1/2-1/2"]
[WhiteElo "2757"]
[BlackElo "2629"]
[PlyCount "57"]
[EventDate "2002.02.23"]

1. e4 e5 2. Nf3 Nc6 3. Bb5 Nf6 4. O-O Nxe4 5. d4 Nd6 6. Bxc6 dxc6 7. dxe5 Nf5
8. Qxd8+ Kxd8 9. Nc3 Ne7 10. Re1 h6 11. h3 Ng6 12. Bd2 Bd7 13. Ne4 Kc8 14. Ng3
c5 15. Nh5 b5 16. Nh2 Kb7 17. f4 Nh4 18. Re2 Bc6 19. c3 g6 20. Nf6 Be7 21. Be1
Nf5 22. Ne4 Ng7 23. Ng4 Rad8 24. Ngf2 h5 25. Bd2 h4 26. Be3 Ne6 27. Nf6 a5 28.
N2e4 b4 29. Ng5 1/2-1/2

[Event "Linares SuperGM"]
[Site "Linares"]
[Date "2002.03.02"]
[Round "7"]
[White "Ivanchuk, Vassily"]
[Black "Adams, Michael"]
[Result "1-0"]
[WhiteElo "2717"]
[BlackElo "2742"]
[PlyCount "99"]
[EventDate "2002.02.23"]

1. e4 e5 2. Nf3 Nc6 3. Bb5 a6 4. Ba4 Nf6 5. O-O Be7 6. Re1 b5 7. Bb3 O-O 8. a4
Bb7 9. d3 Re8 10. Na3 Bxa3 11. bxa3 d5 12. exd5 Nxd5 13. Bb2 Nf4 14. Bc1 Nxg2
15. Ng5 Nxe1 16. Qh5 Qd7 17. Bxf7+ Kf8 18. Be3 Nd4 19. Rxe1 Nf3+ 20. Kf1 Nxg5
21. Bc5+ Re7 22. Rxe5 Nxf7 23. Rxe7 Qxe7 24. Bxe7+ Kxe7 25. Qc5+ Kd7 26. Qd4+
Ke7 27. Qxg7 bxa4 28. Qc3 Kd7 29. Qd4+ Nd6 30. Qxa4+ Ke6 31. Qg4+ Nf5 32. Qc4+
Bd5 33. Qxc7 h5 34. c4 Bh1 35. f4 Rf8 36. Qb6+ Kf7 37. Qa7+ Ne7 38. Qxa6 Rb8
39. d4 Rb1+ 40. Ke2 Rb2+ 41. Kd3 Rb3+ 42. Kc2 Rh3 43. d5 Rxh2+ 44. Kd3 Nxd5 45.
cxd5 Bxd5 46. f5 Ra2 47. Qa7+ Kf6 48. Qd4+ Kg5 49. Qxd5 Rxa3+ 50. Ke4 1-0

[Event "Linares SuperGM"]
[Site "Linares"]
[Date "2002.03.03"]
[Round "8"]
[White "Ivanchuk, Vassily"]
[Black "Ponomariov, Ruslan"]
[Result "1/2-1/2"]
[WhiteElo "2717"]
[BlackElo "2727"]
[PlyCount "47"]
[EventDate "2002.02.23"]

1. d4 d5 2. Nf3 Nf6 3. c4 dxc4 4. Qa4+ Nc6 5. Nc3 Nd5 6. Qxc4 Nb6 7. Qb3 e5 8.
dxe5 Be6 9. Qc2 Nd4 10. Qd3 Bc5 11. e3 Nxf3+ 12. gxf3 Qxd3 13. Bxd3 O-O-O 14.
Be2 Bb4 15. Bd2 Na4 16. a3 Bxc3 17. Bxc3 Nxc3 18. bxc3 Rd5 19. f4 Rc5 20. Rc1
Ra5 21. Ra1 Rc5 22. Rc1 Ra5 23. Ra1 Rc5 24. Rc1 1/2-1/2